000 00634nam a2200277Ia 4500
005 20260401125714.0
008 008 300114s9999 xx 000 0 eng d
020 _a9788122478112
037 _aEBOOK
040 _aCRL
040 _beng
040 _cCRL
041 _2eng
041 _aeng
084 _qCRL
100 _aThankappan, V.K.
_91233881
245 0 _aQuantum Mechanics through Problems
250 _a2
260 _bNew Age
260 _c2025
650 _aPhysics
856 _uhttps://digital.elib4u.com/product-details/470169
942 _cEBOOK
999 _c1847712
_d1847712